00546njm a2200157 i 4500001001100000003000500011005001700016008004100033040002500074245006200099264007000161336002100231337002500252338002300277500008800300C2-0218095PPAK20180729152101.0990720s1989 my |||| ||||| | may d aPPAKbengcPPAKerda00aSejarah perkembangan bolasepak di Negeri Kedah Darul Aman 1aAlor Setar, Kedah : bPerbadanan Perpustakaan Awam Kedah , c1989 2rdacontentatext 2rdamediaaunmediated 2rdacarrieravolume aDirakam pada 2/7/89 ; Temubual dengan Tuan Hj. Said Abd. Rahman ; Tiada transkripsi